Statystyki dla Najpopularniejsze nazwiska w Europie według państw

Kliknij tutaj aby rozwiązać quiz!

Ogólne statystyki

  • Ten quiz został rozwiązany 73 razy
  • Średni wynik to 7 z 15

Statystyki odpowiedzi

NazwiskoPaństwo% Poprawnych
MüllerNiemcy | Szwajcaria
100%
de JongHolandia
80%
(da) SilvaPortugalia
64%
HodžićBośnia i Hercegowina
58%
NagyWęgry
58%
KorhonenFinlandia
56%
GruberAustria
53%
MelnykUkraina
53%
HoxhaAlbania | Kosowo
44%
BērziņšŁotwa
44%
MartinFrancja
38%
NovakSłowenia
30%
PopaRumunia
25%
HorváthSłowacja
25%
SchmitLuksemburg
14%

Rozkład punktacji

Percentyl według liczby udzielonych odpowiedzi

Procent ludzi z każdym wynikiem

Twoja historia wyników

Nie rozwiązałeś tego quizu